TFL by image. - Statistics

General Stats
  • This quiz has been taken 96 times
  • The average score is 7 of 12
Answer Stats
Picture Hint Answer % Correct
[Islington] Angel
93%
[Piggy] ____ Bank
89%
& 🏰 Elephant and castle
85%
Seven _______ Seven Sisters
83%
Green ____ Green park
74%
_____ Lane Brick Lane
70%
[literally] Cyprus
70%
____ India East India
56%
(Made of ale) Maida Vale
38%
🏰 Crystal palace
30%
👑👑👑 Park royal
7%
Whitechapel
7%
No matching quizzes found
Score Distribution
Percent of People with Each Score
Percentile by Number Answered
Your Score History
You have not taken this quiz